Do ciasta - Statystyki

Ogólne statystyki
  • Ten quiz został rozwiązany 105 razy
  • Średni wynik to 8 z 11
Statystyki odpowiedzi
Odpowiedź % Poprawnych
Cukier
95%
Jajka
95%
Mąka
95%
Proszek do pieczenia
93%
Mleko
83%
Woda
80%
Drożdże
74%
Olej
65%
Sól
59%
Twaróg
42%
Cukier wanilinowy
17%
Nie znaleziono quizów pasujących do podanych kryteriów
Rozkład punktacji
Procent ludzi z każdym wynikiem
Percentyl według liczby udzielonych odpowiedzi
Twoja historia wyników
Nie rozwiązałeś tego quizu